Testovanie slabej formy teórie efektívnych trhov
Teória efektívnych trhov - jej vznik. Efektívnosť finančných trhov z troch rôznych pohľadov. Stupne informačnej efektívnosti. Charakteristika použitých dát. Východisko pre skúmanie efektívnosti finančných trhov. Prehľad skúmaných indexov. Lineárne modely výnosov skúmaných indexov. Testy výnosov na n...
Salvato in:
| Autore principale: | |
|---|---|
| Altri autori: | , |
| Natura: | Capitolo di libro |
| Lingua: | slovacco |
| Soggetti: | |
| Tags: |
Nessun Tag, puoi essere il primo ad aggiungerne!!
|
MARC
| LEADER | 00000naa$a2200000$$$4500 | ||
|---|---|---|---|
| 001 | 0011062 | ||
| 005 | 20221007085713.3 | ||
| 041 | 0 | |a slo | |
| 044 | |a SK | ||
| 245 | 1 | 0 | |a Testovanie slabej formy teórie efektívnych trhov |c Mária Farkašovská, Eva Valenčáková, Tomáš Výrost |
| 520 | |a Teória efektívnych trhov - jej vznik. Efektívnosť finančných trhov z troch rôznych pohľadov. Stupne informačnej efektívnosti. Charakteristika použitých dát. Východisko pre skúmanie efektívnosti finančných trhov. Prehľad skúmaných indexov. Lineárne modely výnosov skúmaných indexov. Testy výnosov na nelineárnu závislosť. Výsledky testov. | ||
| 610 | 2 | 0 | |a trh kapitálový |
| 610 | 2 | 0 | |a efektívnosť |
| 610 | 2 | 0 | |a teória trhov efektívnych |
| 610 | 2 | 0 | |a trh finančný |
| 610 | 2 | 0 | |a investície finančné |
| 610 | 2 | 0 | |a indexy burzové |
| 610 | 2 | 0 | |a výnosy |
| 100 | 1 | |a Farkašovská, Mária | |
| 700 | 1 | |a Valenčáková, Eva | |
| 700 | 1 | |a Výrost, Tomáš, 1978- | |